[Event "87th YMCA Winter-B"]
[Site "Warszawa"]
[Date "2011.01.07"]
[Round "1"]
[White "Kurkowski, Zbigniew"]
[Black "Grochowski, Mariusz"]
[Result "0-1"]
[WhiteElo "2059"]
[BlackElo "1919"]
[PlyCount "66"]
[EventDate "2011.01.05"]
[EventType "tourn"]
[EventRounds "1"]
[EventCountry "POL"]
[SourceDate "2011.01.05"]

1. Nf3 d5 2. g3 Nf6 3. Bg2 e6 4. c4 c6 5. cxd5 cxd5 6. b3 Nc6 7. Bb2 Be7 8. Nc3
Bd7 9. Rc1 Rc8 10. O-O O-O 11. Re1 a6 12. e3 Nb4 13. Bf1 Nc6 14. Bd3 e5 15. Bb1
Bg4 16. h3 Bh5 17. g4 Nxg4 18. hxg4 Bxg4 19. e4 Nd4 20. Re3 Bg5 21. Rd3 Nxf3+
22. Rxf3 dxe4 23. Bxe4 Bf4 24. Nd5 Qg5 25. Kg2 Bf5+ 26. Kf1 Bxe4 27. Nxf4 Bxf3
28. Qxf3 Rxc1+ 29. Bxc1 Qxf4 30. Qxb7 h5 31. Qd7 Qf3 32. Ba3 Ra8 33. Be7 h4 0-1

[Event "87th YMCA Winter-B"]
[Site "Warszawa"]
[Date "2011.01.13"]
[Round "1"]
[White "Radecki, Krzysztof"]
[Black "Gluszko, Monika"]
[Result "0-1"]
[WhiteElo "1964"]
[BlackElo "1997"]
[PlyCount "56"]
[EventDate "2011.01.05"]
[EventType "tourn"]
[EventRounds "1"]
[EventCountry "POL"]
[SourceDate "2011.01.05"]

1. d4 Nf6 2. c4 g6 3. Nf3 Bg7 4. Nc3 d5 5. cxd5 Nxd5 6. e4 Nxc3 7. bxc3 c5 8.
Rb1 Nc6 9. e5 O-O 10. Be2 Qa5 11. Rb5 Qxc3+ 12. Bd2 Qa3 13. d5 Nxe5 14. Rb3 Qa4
15. Qc2 c4 16. Rc3 Qxc2 17. Rxc2 Bf5 18. Rc1 Nd3+ 19. Bxd3 Bxd3 20. Bb4 Rad8
21. Bc3 Bxc3+ 22. Rxc3 Rxd5 23. a3 b5 24. Kd2 Bf1+ 25. Ke3 Bxg2 26. Rb1 Rfd8
27. Ne1 Re5+ 28. Kf4 Rd4+ 0-1

[Event "87th YMCA Winter-B"]
[Site "Warszawa"]
[Date "2011.01.14"]
[Round "1"]
[White "Potocki, Karol"]
[Black "Szukalski, Antoni"]
[Result "1/2-1/2"]
[WhiteElo "1860"]
[BlackElo "1815"]
[PlyCount "37"]
[EventDate "2011.01.05"]
[EventType "tourn"]
[EventRounds "1"]
[EventCountry "POL"]
[SourceDate "2011.01.05"]

1. c4 c5 2. g3 Nc6 3. Bg2 Nf6 4. Nc3 g6 5. d3 Bg7 6. e4 d6 7. Nge2 Bg4 8. h3
Bxe2 9. Nxe2 O-O 10. O-O a6 11. f4 Rc8 12. Rb1 b5 13. Qc2 Nd7 14. Be3 Qc7 15.
a3 b4 16. a4 Rfe8 17. b3 a5 18. g4 e6 19. g5 $11 1/2-1/2

[Event "87th YMCA Winter-B"]
[Site "Warszawa"]
[Date "2011.01.05"]
[Round "1"]
[White "Moskwinski, Marek"]
[Black "Safanowski, Tomasz"]
[Result "0-1"]
[WhiteElo "1872"]
[BlackElo "1953"]
[PlyCount "56"]
[EventDate "2011.01.05"]
[EventType "tourn"]
[EventRounds "1"]
[EventCountry "POL"]
[SourceDate "2011.01.05"]

1. e4 e6 2. d4 d5 3. Nd2 Nf6 4. e5 Nfd7 5. Bd3 b6 6. Ne2 Ba6 7. Nf3 Be7 8. O-O
c5 9. c3 Bxd3 10. Qxd3 c4 11. Qe3 Nc6 12. Bd2 b5 13. b3 Nb6 14. Nf4 a5 15. Rfb1
cxb3 16. axb3 a4 17. Qd3 Qd7 18. Qxb5 O-O 19. bxa4 Nc4 20. Qb7 Qxb7 21. Rxb7 g5
22. Nxe6 fxe6 23. Bxg5 Rxf3 24. Rxe7 Nxe7 25. gxf3 Nc6 26. f4 Kf7 27. Kg2 Rb8
28. f5 Rg8 0-1

[Event "87th YMCA Winter-B"]
[Site "Warszawa"]
[Date "2011.01.05"]
[Round "1"]
[White "Milczarek, Robert"]
[Black "Wroblewski, Szymon"]
[Result "0-1"]
[WhiteElo "1882"]
[BlackElo "1831"]
[PlyCount "64"]
[EventDate "2011.01.05"]
[EventType "tourn"]
[EventRounds "1"]
[EventCountry "POL"]
[SourceDate "2011.01.05"]

1. d4 f5 2. Nf3 g6 3. g3 Bg7 4. Bg2 Nf6 5. O-O d6 6. c4 Nc6 7. Qc2 O-O 8. Rd1
Qe8 9. d5 Ne5 10. Nd4 Bd7 11. c5 c6 12. dxc6 bxc6 13. cxd6 exd6 14. Bf4 Rc8 15.
Nc3 d5 16. Nb3 Ne4 17. Rac1 g5 18. Nxe4 fxe4 19. Bxg5 Qh5 20. h4 h6 21. Bf4 Rf7
22. e3 Bg4 23. Bxe5 Bxd1 24. Rxd1 Qxe5 25. Nd4 c5 26. b3 Rcf8 27. Qxc5 Rxf2 28.
Nc6 Qxg3 29. Qxd5+ Kh8 30. Qxe4 Bc3 31. Ne7 Rf1+ 32. Rxf1 Rxf1+ 0-1

[Event "87th YMCA Winter-B"]
[Site "Warszawa"]
[Date "2011.01.05"]
[Round "1"]
[White "Liberadzki, Slawomir"]
[Black "Kwiatkowski, Andrzej"]
[Result "1-0"]
[WhiteElo "2013"]
[BlackElo "1843"]
[Annotator "Admin"]
[PlyCount "83"]
[EventDate "2011.01.05"]
[EventType "tourn"]
[EventRounds "1"]
[EventCountry "POL"]
[SourceDate "2011.01.05"]

1. e4 e5 2. Nc3 Nf6 3. f4 d5 4. fxe5 Nxe4 5. Nf3 Be7 6. Qe2 Nxc3 7. bxc3 O-O 8.
g3 Nc6 9. Bg2 Be6 10. d4 Qd7 11. O-O Bh3 12. Ng5 Bxg5 13. Bxg5 Bxg2 $11 14.
Kxg2 Nd8 15. Bxd8 Raxd8 16. Rf4 Rde8 17. Raf1 Qe6 18. Qf3 c6 19. Rf2 Re7 20. h4
Rc7 21. Rf5 Qe7 22. h5 Qe6 23. Qg4 h6 24. R2f4 Kh7 25. Qf3 Kg8 26. Rg4 Kh7 27.
Qf4 Re7 28. Rxg7+ Kxg7 29. Rf6 Kg8 30. Rxe6 Rxe6 31. Qg4+ Kh8 32. Qf5 Kg7 33.
g4 Rg8 34. Kh2 Kf8 35. Kh3 Ke7 36. Qf4 Rg5 37. Qc1 Kd7 38. Qa3 Re8 39. Qd6+ Kc8
40. Qxh6 Reg8 41. Qf6 Rxg4 42. Qf5+ 1-0

[Event "87th YMCA Winter-B"]
[Site "Warszawa"]
[Date "2011.01.13"]
[Round "2"]
[White "Grochowski, Mariusz"]
[Black "Kwiatkowski, Andrzej"]
[Result "1-0"]
[WhiteElo "1919"]
[BlackElo "1843"]
[PlyCount "45"]
[EventDate "2011.01.05"]
[EventType "tourn"]
[EventRounds "1"]
[EventCountry "POL"]
[SourceDate "2011.01.05"]

1. d4 Nf6 2. c4 d6 3. Nc3 Nbd7 4. Nf3 g6 5. Bg5 Bg7 6. e3 O-O 7. Bd3 e5 8. Qc2
c6 9. O-O-O Qc7 10. h3 a6 11. Bh4 b5 12. dxe5 Nxe5 13. Nxe5 dxe5 14. Ne4 Nxe4
15. Bxe4 f5 16. Bf3 e4 17. Be2 Be6 18. Rd2 Qf7 19. Rhd1 Bxc4 20. Rd7 Qe6 21.
Re7 Qc8 22. Bxc4+ bxc4 23. Rdd7 1-0

[Event "87th YMCA Winter-B"]
[Site "Warszawa"]
[Date "2011.01.06"]
[Round "2"]
[White "Wroblewski, Szymon"]
[Black "Liberadzki, Slawomir"]
[Result "0-1"]
[WhiteElo "1831"]
[BlackElo "2013"]
[PlyCount "116"]
[EventDate "2011.01.05"]
[EventType "tourn"]
[EventRounds "1"]
[EventCountry "POL"]
[SourceDate "2011.01.05"]

1. e4 c5 2. Nf3 e6 3. d4 cxd4 4. Nxd4 Nc6 5. Be3 Qc7 6. Nc3 Nf6 7. Be2 a6 8. a3
b5 9. f4 Nxd4 10. Qxd4 Bb7 11. Bf3 d6 12. O-O e5 13. Qd2 Be7 14. Kh1 Rc8 15.
Rad1 O-O 16. f5 Qc4 17. Bg5 Rfd8 18. Qf2 h6 19. Be2 Qc7 20. Bxf6 Bxf6 21. Rd3
Qc5 22. Qxc5 dxc5 23. Nd5 c4 24. Rdd1 Bxd5 25. Rxd5 Rxd5 26. exd5 e4 27. c3 Rd8
28. Rd1 Kf8 29. Kg1 Ke7 30. Bh5 Rd7 31. Kf2 Kd6 32. g3 Ke5 33. h3 Bg5 34. Ke2
Rxd5 35. Rxd5+ Kxd5 36. Bxf7+ Ke5 37. b3 cxb3 38. Bxb3 Kxf5 39. c4 Be7 40. cxb5
axb5 41. a4 b4 42. a5 Ke5 43. a6 Bc5 44. Kd2 Kd4 45. Bf7 e3+ 46. Kc2 Ke4 47.
Bh5 b3+ 48. Kxb3 Kd3 49. h4 e2 50. Bxe2+ Kxe2 51. Kc4 Ba7 52. g4 Kf3 53. g5
hxg5 54. hxg5 Kf4 55. g6 Kf5 56. Kb5 Kxg6 57. Kc6 Kf5 58. Kb7 Bf2 0-1

[Event "87th YMCA Winter-B"]
[Site "Warszawa"]
[Date "2011.01.18"]
[Round "2"]
[White "Safanowski, Tomasz"]
[Black "Milczarek, Robert"]
[Result "1/2-1/2"]
[WhiteElo "1953"]
[BlackElo "1882"]
[PlyCount "103"]
[EventDate "2011.01.05"]
[EventType "tourn"]
[EventRounds "1"]
[EventCountry "POL"]
[SourceDate "2011.01.05"]

1. c4 Nf6 2. Nc3 g6 3. g3 Bg7 4. Bg2 O-O 5. Nf3 d5 6. cxd5 Nxd5 7. O-O c6 8.
Qb3 Nb6 9. d4 Be6 10. Qc2 Na6 11. a3 Rc8 12. Rd1 Bf5 13. e4 Bg4 14. Ne2 Bxf3
15. Bxf3 e6 16. Qb3 Qe7 17. Be3 Rfd8 18. Rac1 Rd7 19. d5 Rcd8 20. dxc6 Rxd1+
21. Rxd1 Rxd1+ 22. Qxd1 bxc6 23. Qc2 c5 24. b3 Nd7 25. Nf4 Qf6 26. Be2 Qa1+ 27.
Qd1 Qxd1+ 28. Bxd1 Bb2 29. Be2 Nc7 30. a4 Bd4 31. Bd2 Ne5 32. Kf1 Nc6 33. Nd3
f6 34. f4 Kf7 35. Bf3 e5 36. g4 Ne6 37. f5 Nf8 38. h4 Nd7 39. Be2 Nb6 40. Ne1
gxf5 41. gxf5 Ke7 42. Nc2 Kd6 43. Bh6 Ke7 44. Ke1 Nb4 45. Nxb4 Bc3+ 46. Kd1
Bxb4 47. Kc2 a5 48. Kd3 Be1 49. Be3 Bb4 50. Bh5 c4+ 51. bxc4 Nxa4 52. Bd1 $11
1/2-1/2

[Event "87th YMCA Winter-B"]
[Site "Warszawa"]
[Date "2011.01.12"]
[Round "2"]
[White "Szukalski, Antoni"]
[Black "Moskwinski, Marek"]
[Result "1/2-1/2"]
[WhiteElo "1815"]
[BlackElo "1872"]
[PlyCount "64"]
[EventDate "2011.01.05"]
[EventType "tourn"]
[EventRounds "1"]
[EventCountry "POL"]
[SourceDate "2011.01.05"]

1. e4 e5 2. Nf3 Nc6 3. Bb5 Nd4 4. Ba4 Nxf3+ 5. Qxf3 Qf6 6. Qe2 Bc5 7. d3 Ne7 8.
Nd2 O-O 9. Nf3 h6 10. Be3 Bxe3 11. fxe3 d5 12. exd5 Nxd5 13. Bb3 c6 14. O-O Bg4
15. Qf2 a5 16. a3 Bxf3 17. Qxf3 Qxf3 18. Rxf3 Rae8 19. e4 Nf4 20. Re1 g5 21. h3
Kg7 22. Kh2 h5 23. Ref1 g4 24. R3f2 gxh3 25. g3 Ne6 26. Rf6 Re7 27. Bxe6 Rxe6
28. Rxe6 fxe6 29. Rxf8 Kxf8 30. Kxh3 Kg7 31. Kh4 Kg6 32. b4 b6 1/2-1/2

[Event "87th YMCA Winter-B"]
[Site "Warszawa"]
[Date "2011.01.12"]
[Round "2"]
[White "Siekierski, Pawel"]
[Black "Potocki, Karol"]
[Result "1-0"]
[WhiteElo "2015"]
[BlackElo "1860"]
[PlyCount "65"]
[EventDate "2011.01.05"]
[EventType "tourn"]
[EventRounds "1"]
[EventCountry "POL"]
[SourceDate "2011.01.05"]

1. Nf3 Nf6 2. g3 b6 3. Bg2 Bb7 4. O-O c5 5. c4 g6 6. Nc3 Bg7 7. d3 O-O 8. e4 d6
9. Re1 e5 10. a3 Nc6 11. Nd5 Nxd5 12. exd5 Ne7 13. Rb1 a5 14. Bg5 f6 15. Bd2 h6
16. b4 axb4 17. axb4 Bc8 18. Ra1 Rxa1 19. Qxa1 f5 20. Qa7 Rf7 21. Qb8 g5 22.
bxc5 bxc5 23. Rb1 Ng6 24. Rb6 Rf6 25. Rc6 Ne7 26. Rc7 Bf8 27. Nxg5 hxg5 28.
Bxg5 Kf7 29. h4 Bh6 30. Bxf6 Kxf6 31. Rb7 Bf8 32. Rb6 Ng6 33. Rc6 1-0

[Event "87th YMCA Winter-B"]
[Site "Warszawa"]
[Date "2011.01.05"]
[Round "2"]
[White "Gluszko, Monika"]
[Black "Ponceleusz, Bronislaw"]
[Result "1-0"]
[WhiteElo "1997"]
[BlackElo "1928"]
[PlyCount "67"]
[EventDate "2011.01.05"]
[EventType "tourn"]
[EventRounds "1"]
[EventCountry "POL"]
[SourceDate "2011.01.05"]

1. e4 d6 2. d4 e5 3. Nf3 exd4 4. Nxd4 Nf6 5. Nc3 d5 6. e5 Ne4 7. Bd3 Bb4 8.
Bxe4 dxe4 9. O-O Bxc3 10. bxc3 O-O 11. Qe2 Qd5 12. Bf4 a6 13. Rfd1 Qc5 14. Qxe4
Qxc3 15. Rab1 Qc4 16. Qe3 c5 17. Nf3 Qxc2 18. Ng5 Nc6 19. Rbc1 Qxa2 20. Qxc5
Qa4 21. Bg3 Bf5 22. Rd6 h6 23. e6 fxe6 24. Nxe6 Bxe6 25. Rxe6 Qd4 26. Rxc6 Qxc5
27. R6xc5 b5 28. Be5 Rf7 29. Rc8+ Rxc8 30. Rxc8+ Kh7 31. Ra8 b4 32. Rxa6 Rb7
33. Kf1 b3 34. Bb2 1-0

[Event "87th YMCA Winter-B"]
[Site "Warszawa"]
[Date "2011.01.13"]
[Round "2"]
[White "Kurkowski, Zbigniew"]
[Black "Radecki, Krzysztof"]
[Result "0-1"]
[WhiteElo "2059"]
[BlackElo "1964"]
[PlyCount "60"]
[EventDate "2011.01.05"]
[EventType "tourn"]
[EventRounds "1"]
[EventCountry "POL"]
[SourceDate "2011.01.05"]

1. e4 e5 2. Nf3 Nf6 3. Nxe5 d6 4. Nf3 Nxe4 5. d4 d5 6. Bd3 Bg4 7. O-O Be7 8.
Re1 Nc6 9. c3 f5 10. Nbd2 O-O 11. Qb3 Na5 12. Qc2 Bd6 13. b4 Nc6 14. a4 Qf6 15.
Qb3 Qf7 16. Bf1 Rae8 17. Ba3 Bf4 18. Qc2 Qh5 19. h3 Rf6 20. hxg4 fxg4 21. Nxe4
dxe4 22. Rxe4 gxf3 23. g3 Ref8 24. Qb3+ Kh8 25. Re6 Qg4 26. Rxf6 gxf6 27. Re1
Bxg3 28. Qe6 f5 29. Bg2 Bd6 30. Qh6 Qxg2# 0-1

[Event "87th YMCA Winter-B"]
[Site "Warszawa"]
[Date "2011.01.10"]
[Round "3"]
[White "Radecki, Krzysztof"]
[Black "Grochowski, Mariusz"]
[Result "0-1"]
[WhiteElo "1964"]
[BlackElo "1919"]
[PlyCount "90"]
[EventDate "2011.01.05"]
[EventType "tourn"]
[EventRounds "1"]
[EventCountry "POL"]
[SourceDate "2011.01.05"]

1. e4 c5 2. Nf3 Nf6 3. e5 Nd5 4. c3 Nc6 5. d4 cxd4 6. cxd4 d6 7. Nc3 dxe5 8.
dxe5 Be6 9. Nd4 Nxc3 10. bxc3 Qa5 11. Nxe6 Qxc3+ 12. Qd2 Qxe5+ 13. Be2 Qxe6 14.
Rb1 Rd8 15. Qb2 Nd4 16. Be3 Nxe2 17. Qxe2 a6 18. O-O b5 19. Rfc1 f5 20. Qc2 Rd5
21. a4 Kf7 22. axb5 axb5 23. Qb3 g6 24. Bf4 Rd4 25. Qxe6+ Kxe6 26. Re1+ Re4 27.
Rxe4+ fxe4 28. Rxb5 Bg7 29. h4 h5 30. Rb6+ Kf5 31. Bg5 Bf6 32. Rb5+ Kg4 33. f3+
Kg3 34. fxe4 Bd4+ 35. Kf1 Rf8+ 36. Ke1 Kxg2 37. Kd2 Rf2+ 38. Kd3 Bf6 39. Rb6
Kg3 40. Ke3 Rf3+ 41. Ke2 Bxg5 42. hxg5 h4 43. Rxg6 h3 44. Rh6 Kg2 45. g6 Rg3
0-1

[Event "87th YMCA Winter-B"]
[Site "Warszawa"]
[Date "2011.01.13"]
[Round "3"]
[White "Ponceleusz, Bronislaw"]
[Black "Kurkowski, Zbigniew"]
[Result "1/2-1/2"]
[WhiteElo "1928"]
[BlackElo "2059"]
[PlyCount "67"]
[EventDate "2011.01.05"]
[EventType "tourn"]
[EventRounds "1"]
[EventCountry "POL"]
[SourceDate "2011.01.05"]

1. Nf3 Nf6 2. d4 e6 3. c4 Bb4+ 4. Bd2 Bxd2+ 5. Qxd2 d5 6. e3 O-O 7. Nc3 b6 8.
cxd5 exd5 9. Bd3 Bb7 10. Qc2 Nbd7 11. O-O c5 12. Ne5 g6 13. f4 Rc8 14. Qf2 cxd4
15. exd4 Ne4 16. Bxe4 dxe4 17. f5 Nxe5 18. dxe5 Qg5 19. Rae1 Rc4 20. Re3 Qxf5
21. Qxf5 gxf5 22. Rxf5 Re8 23. Rg3+ Kf8 24. Rfg5 Rc5 25. Rg8+ Ke7 26. Rxe8+
Kxe8 27. e6 Ke7 28. exf7 Kxf7 29. Kf2 Rf5+ 30. Ke3 Rf1 31. Kd4 Rf2 32. Nxe4
Bxe4 33. Kxe4 Rxb2 34. a3 $11 1/2-1/2

[Event "87th YMCA Winter-B"]
[Site "Warszawa"]
[Date "2011.02.11"]
[Round "3"]
[White "Potocki, Karol"]
[Black "Gluszko, Monika"]
[Result "1-0"]
[WhiteElo "1860"]
[BlackElo "1997"]
[PlyCount "67"]
[EventDate "2011.01.05"]
[EventType "tourn"]
[EventRounds "1"]
[EventCountry "POL"]
[SourceDate "2011.01.05"]

1. c4 Nf6 2. g3 g6 3. Bg2 d5 4. cxd5 Nxd5 5. Nc3 Nb6 6. d3 Bg7 7. Be3 O-O 8.
Qd2 Re8 9. Bh6 Bh8 10. h4 Nc6 11. Nf3 Nd5 12. h5 Nxc3 13. bxc3 Nb4 14. hxg6
fxg6 15. Rb1 Nd5 16. d4 c5 17. e4 Nf6 18. e5 Ne4 19. Qc2 Bf5 20. g4 Bxg4 21.
Qxe4 Bf5 22. Bh3 e6 23. Bxf5 exf5 24. Qxb7 Rb8 25. Qxb8 Qxb8 26. Rxb8 Rxb8 27.
Ke2 cxd4 28. cxd4 Rb2+ 29. Bd2 Rxa2 30. Rb1 Kg7 31. Rb7+ Kg8 32. d5 g5 33. Rb8+
Kg7 34. Nxg5 1-0

[Event "87th YMCA Winter-B"]
[Site "Warszawa"]
[Date "2011.01.19"]
[Round "3"]
[White "Moskwinski, Marek"]
[Black "Siekierski, Pawel"]
[Result "1/2-1/2"]
[WhiteElo "1872"]
[BlackElo "2015"]
[PlyCount "150"]
[EventDate "2011.01.05"]
[EventType "tourn"]
[EventRounds "1"]
[EventCountry "POL"]
[SourceDate "2011.01.05"]

1. e4 b6 2. d4 Bb7 3. Nc3 e6 4. Bd3 c5 5. Nge2 Nf6 6. Bg5 h6 7. Bh4 cxd4 8.
Nxd4 d6 9. Bb5+ Nbd7 10. f3 Be7 11. Bc6 Qc8 12. Bxb7 Qxb7 13. O-O a6 14. Nb3
O-O 15. Bg3 b5 16. Kh1 e5 17. Bf2 Nb6 18. Bxb6 Qxb6 19. Nd5 Nxd5 20. Qxd5 Rac8
21. c3 Qc6 22. Rad1 Qxd5 23. Rxd5 g6 24. Rfd1 f5 25. exf5 gxf5 26. Na5 Rc7 27.
g3 Kf7 28. Kg2 Ke6 29. Nb3 Rc4 30. Nc1 Rd8 31. Ne2 Rc5 32. R5d2 Rb8 33. a3 Rc4
34. Re1 Kf6 35. Rd5 Rg8 36. Red1 Ke6 37. R5d2 h5 38. Kf2 h4 39. Re1 Kf6 40. Rg1
Rh8 41. Rg2 Ke6 42. Rg1 Bg5 43. Rd3 hxg3+ 44. hxg3 Rh2+ 45. Rg2 Rh1 46. Rg1
Rxg1 47. Kxg1 Rc8 48. Kg2 Rg8 49. Kf2 Bd8 50. Rd1 Bb6+ 51. Kg2 Rh8 52. f4 e4
53. Nd4+ Bxd4 54. Rxd4 d5 55. a4 Rb8 56. Rb4 Kd6 57. Kf2 Kc5 58. axb5 Rxb5 59.
Rxb5+ axb5 60. Ke3 Kc4 61. g4 fxg4 62. f5 Kc5 63. Kf4 Kd6 64. Kxg4 Ke7 65. b4
Kf7 66. Kg3 Kg7 67. Kg4 Kh6 68. Kh4 Kh7 69. Kg3 Kg8 70. Kg4 Kf7 71. Kg3 Ke7 72.
Kg4 Kf6 73. Kf4 Kg7 74. Kg3 Kh6 75. Kh4 Kg7 1/2-1/2

[Event "87th YMCA Winter-B"]
[Site "Warszawa"]
[Date "2011.01.25"]
[Round "3"]
[White "Milczarek, Robert"]
[Black "Szukalski, Antoni"]
[Result "0-1"]
[WhiteElo "1882"]
[BlackElo "1815"]
[PlyCount "66"]
[EventDate "2011.01.05"]
[EventType "tourn"]
[EventRounds "1"]
[EventCountry "POL"]
[SourceDate "2011.01.05"]

1. d4 Nf6 2. c4 e6 3. Nc3 d5 4. cxd5 exd5 5. Bg5 Be7 6. Qc2 c6 7. e3 Bg4 8. Bd3
Nbd7 9. Nge2 Qa5 10. O-O Bd6 11. Bf4 Bxe2 12. Nxe2 Qc7 13. Bxd6 Qxd6 14. Ng3 g6
15. Rab1 O-O 16. b4 b5 17. Rfc1 Rfc8 18. h4 Ng4 19. h5 Nxe3 20. Nf5 Nxf5 21.
Bxf5 gxf5 22. Qxf5 h6 23. Rb3 Qe6 24. Rg3+ Kh8 25. Qf4 Rg8 26. Re3 Qf6 27. Qc7
Qg5 28. g3 Rae8 29. f4 Qg4 30. Qxc6 Qxf4 31. Rf3 Rxg3+ 32. Rxg3 Qxg3+ 33. Kh1
Qf3+ 0-1

[Event "87th YMCA Winter-B"]
[Site "Warszawa"]
[Date "2011.01.19"]
[Round "3"]
[White "Liberadzki, Slawomir"]
[Black "Safanowski, Tomasz"]
[Result "1/2-1/2"]
[WhiteElo "2013"]
[BlackElo "1953"]
[PlyCount "43"]
[EventDate "2011.01.05"]
[EventType "tourn"]
[EventRounds "1"]
[EventCountry "POL"]
[SourceDate "2011.01.05"]

1. e4 b6 2. d4 Bb7 3. Nc3 e6 4. Nf3 Bb4 5. Bd3 Nf6 6. e5 Ne4 7. Bd2 Nxd2 8.
Qxd2 d5 9. O-O Ba6 10. a3 Bxd3 11. Qxd3 Be7 12. Ne2 Nc6 13. c4 Na5 14. cxd5
exd5 15. Nd2 O-O 16. b4 Nb7 17. Qa6 Qc8 18. Rfc1 c6 19. Rc3 Nd8 20. Qd3 Qd7 21.
Rac1 Rc8 22. Ng3 $11 1/2-1/2

[Event "87th YMCA Winter-B"]
[Site "Warszawa"]
[Date "2011.01.21"]
[Round "3"]
[White "Kwiatkowski, Andrzej"]
[Black "Wroblewski, Szymon"]
[Result "0-1"]
[WhiteElo "1843"]
[BlackElo "1831"]
[PlyCount "30"]
[EventDate "2011.01.05"]
[EventType "tourn"]
[EventRounds "1"]
[EventCountry "POL"]
[SourceDate "2011.01.05"]

1. e4 c5 2. Nf3 Nc6 3. d4 cxd4 4. Nxd4 Nf6 5. Nc3 a6 6. Be2 e6 7. O-O Qc7 8.
Be3 b5 9. a3 Bb7 10. Nb3 Ne5 11. f3 Nc4 12. Bd4 Bd6 13. a4 Bxh2+ 14. Kh1 Qf4
15. Qe1 Bg3 0-1

[Event "87th YMCA Winter-B"]
[Site "Warszawa"]
[Date "2011.01.26"]
[Round "4"]
[White "Grochowski, Mariusz"]
[Black "Wroblewski, Szymon"]
[Result "0-1"]
[WhiteElo "1919"]
[BlackElo "1831"]
[PlyCount "126"]
[EventDate "2011.01.05"]
[EventType "tourn"]
[EventRounds "1"]
[EventCountry "POL"]
[SourceDate "2011.01.05"]

1. e4 c5 2. Nf3 Nc6 3. d4 cxd4 4. Nxd4 Nf6 5. Nc3 e6 6. Ndb5 d6 7. Bg5 a6 8.
Na3 b5 9. Ne2 h6 10. Bxf6 Qxf6 11. c3 Bb7 12. Nc2 Rd8 13. Ng3 d5 14. Qf3 Qxf3
15. gxf3 Ne5 16. Be2 dxe4 17. fxe4 Bc5 18. f4 Nd3+ 19. Bxd3 Rxd3 20. Ke2 Rd8
21. Rhd1 O-O 22. Nd4 Bb6 23. Rd2 b4 24. Rad1 bxc3 25. bxc3 Ba5 26. Rc2 Rd7 27.
Rb1 Rc8 28. Kd3 Bc6 29. Ke3 Ba4 30. Nb3 Rxc3+ 31. Rxc3 Bxc3 32. Ne2 Bb4 33.
Nbd4 Bc5 34. Rc1 Ba7 35. Kd3 Bb5+ 36. Kc3 Rc7+ 37. Kd2 Rxc1 38. Kxc1 Bxe2 39.
Nxe2 g5 40. h3 gxf4 41. Kd1 e5 42. Nc3 Kg7 43. Ke2 Kg6 44. Kf3 f5 45. Nd5 fxe4+
46. Kxe4 Bd4 47. Ne7+ Kg5 48. Kf3 a5 49. a4 Bc3 50. Nc6 Kh4 51. Kg2 e4 52. Ne7
f3+ 53. Kh2 Be5+ 54. Kh1 Kxh3 55. Nf5 f2 56. Ne3 Kg3 57. Nf1+ Kf3 58. Nd2+ Ke2
59. Nf1 Bd4 60. Kg2 e3 61. Ng3+ Kd3 62. Kf1 Kc4 63. Nf5 Bb6 0-1

[Event "87th YMCA Winter-B"]
[Site "Warszawa"]
[Date "2011.01.26"]
[Round "4"]
[White "Safanowski, Tomasz"]
[Black "Kwiatkowski, Andrzej"]
[Result "1-0"]
[WhiteElo "1953"]
[BlackElo "1843"]
[PlyCount "79"]
[EventDate "2011.01.05"]
[EventType "tourn"]
[EventRounds "1"]
[EventCountry "POL"]
[SourceDate "2011.01.05"]

1. f4 e5 2. fxe5 d6 3. exd6 Bxd6 4. Nf3 g5 5. g3 g4 6. Nh4 Ne7 7. d4 Ng6 8.
Nxg6 hxg6 9. Qd3 Nc6 10. c3 Bf5 11. e4 Qe7 12. Bg2 O-O-O 13. Be3 Bxg3+ 14. hxg3
Ne5 15. Qf1 Nf3+ 16. Bxf3 gxf3 17. Nd2 f2+ 18. Kxf2 Bxe4 19. Nxe4 Qxe4 20. Re1
Qf5+ 21. Kg2 Qd5+ 22. Qf3 Qxa2 23. Rxh8 Rxh8 24. Re2 Qe6 25. Bg5 Qh3+ 26. Kg1
f5 27. Bf6 Rh7 28. Re8+ Kd7 29. Rd8+ Ke6 30. Bh4 Rxh4 31. Qd5+ Kf6 32. Rf8+ Kg5
33. Qd8+ Kg4 34. Qxh4+ Qxh4 35. gxh4 Kxh4 36. Rf6 Kg5 37. Rf7 Kf4 38. Rxc7 g5
39. Rxb7 g4 40. Rxa7 1-0

[Event "87th YMCA Winter-B"]
[Site "Warszawa"]
[Date "2011.01.26"]
[Round "4"]
[White "Szukalski, Antoni"]
[Black "Liberadzki, Slawomir"]
[Result "1/2-1/2"]
[WhiteElo "1815"]
[BlackElo "2013"]
[Annotator "M"]
[PlyCount "96"]
[EventDate "2011.01.05"]
[EventType "tourn"]
[EventRounds "1"]
[EventCountry "POL"]
[SourceDate "2011.01.05"]

1. e4 c5 2. c3 Nf6 3. e5 Nd5 4. d4 cxd4 5. cxd4 e6 6. Nf3 d6 7. Bb5+ Bd7 8.
Bxd7+ Nxd7 9. O-O Be7 10. Bd2 O-O 11. Nc3 Nxc3 12. Bxc3 d5 13. Nd2 b5 14. a3 a5
15. b4 Rc8 16. Qb3 a4 17. Qb2 Nb6 18. Rac1 Nc4 19. Nxc4 dxc4 20. Qe2 Qd5 21.
Rce1 Bd8 22. Qg4 Bb6 23. h4 Rcd8 24. Re4 f5 25. exf6 Rxf6 26. Rfe1 Qf5 27. Qe2
Rd5 28. f4 Rg6 29. Kh2 h5 30. g3 Qg4 31. Qxg4 hxg4 32. Kg2 Rf6 33. R1e2 Rf8 34.
Rf2 Rfd8 35. Rd2 Kf7 36. Kf2 Kf6 37. Ke3 Kf5 38. Re5+ Kf6 39. Re4 Re8 40. Rf2
Red8 41. Rd2 Rh8 42. Rf2 Rhh5 43. Re5 Rf5 44. Re4 Ke7 45. Ke2 g6 46. Rf1 Rf8
47. Rf2 Rfd8 48. Ke3 Kf6 $11 1/2-1/2

[Event "87th YMCA Winter-B"]
[Site "Warszawa"]
[Date "2011.01.26"]
[Round "4"]
[White "Siekierski, Pawel"]
[Black "Milczarek, Robert"]
[Result "1-0"]
[WhiteElo "2015"]
[BlackElo "1882"]
[PlyCount "86"]
[EventDate "2011.01.05"]
[EventType "tourn"]
[EventRounds "1"]
[EventCountry "POL"]
[SourceDate "2011.01.05"]

1. Nf3 Nf6 2. g3 g6 3. Bg2 d5 4. O-O Bg7 5. c4 O-O 6. cxd5 Nxd5 7. Nc3 Nb6 8.
d3 e5 9. a4 a5 10. Bg5 f6 11. Be3 Be6 12. Qc2 c6 13. Ne4 Na6 14. Nc5 Nxc5 15.
Bxc5 Re8 16. Rfd1 Qc7 17. h4 Bf7 18. b4 Nd7 19. Rab1 b6 20. Be3 axb4 21. Nd2 c5
22. Bxa8 Rxa8 23. Rxb4 Qa7 24. Rbb1 f5 25. Nc4 Qa6 26. Qb3 e4 27. Qb5 Qxa4 28.
Qxa4 Rxa4 29. Nxb6 Nxb6 30. Rxb6 Bf8 31. dxe4 Rxe4 32. Rb8 Kg7 33. Rc8 c4 34.
Bd4+ Kg8 35. Bc5 Be8 36. Rdd8 Kf7 37. Bxf8 Kxf8 38. Kf1 Kf7 39. Rc7+ Kg8 40.
Rdc8 f4 41. Rxc4 Rxc4 42. Rxc4 f3 43. Rc8 fxe2+ 1-0

[Event "87th YMCA Winter-B"]
[Site "Warszawa"]
[Date "2011.01.27"]
[Round "4"]
[White "Gluszko, Monika"]
[Black "Moskwinski, Marek"]
[Result "1-0"]
[WhiteElo "1997"]
[BlackElo "1872"]
[PlyCount "57"]
[EventDate "2011.01.05"]
[EventType "tourn"]
[EventRounds "1"]
[EventCountry "POL"]
[SourceDate "2011.01.05"]

1. e4 e5 2. Nf3 Nc6 3. Bc4 Nf6 4. d3 Bc5 5. c3 O-O 6. Nbd2 d6 7. h3 Ne7 8. Nh4
c6 9. Qe2 Re8 10. Nf1 Ng6 11. Nxg6 hxg6 12. Ng3 d5 13. Bb3 Be6 14. Bg5 Qd7 15.
O-O Bxh3 16. gxh3 Qxh3 17. Qf3 Nh5 18. Be3 Bxe3 19. Qxe3 Nf4 20. Qf3 Re6 21.
exd5 Rf6 22. dxc6 bxc6 23. Rfe1 Qh4 24. Re4 Nh3+ 25. Kg2 Nf4+ 26. Kg1 Nh3+ 27.
Kg2 Nf4+ 28. Rxf4 exf4 29. Ne4 1-0